[Event "Challenge"]
[Site "http://www.queenalice.com/game.php?id=580592"]
[Date "2009.4.30"]
[Round "-"]
[White "alexquine"]
[Black "degrau"]
[Result "1-0"]
[WhiteElo "1705"]
[BlackElo "1818"]

1. e4 e5 2. Nf3 d6 3. Bc4 h6 4. c3 Qe7 5. d3 Be6 6. Bb3 Nf6 7. O-O Nc6 8. Nbd2
h5 9. Ng5 Bxb3 10. axb3 Ng4 11. Ngf3 g5 12. h3 Nh6 13. Nc4 f6 14. d4 b5 15. Ne3
g4 16. Nh4 Qg7 17. Nef5 Nxf5 18. Nxf5 Qg8 19. h4 Ne7 20. Nxe7 Bxe7 21. g3 Qg6
22. Qd3 c6 23. b4 O-O 24. d5 Qe8 25. f4 gxf3 26. Qxf3 cxd5 27. Bh6 dxe4 28. Qf5
d5 29. Rad1 Qf7 30. Bxf8 Rxf8 31. Kh1 Rd8 32. g4 hxg4 33. Qxg4+ Kf8 34. h5 e3
35. h6 d4 36. cxd4 exd4 37. Qf3 Qg6 38. Rfe1 Qxh6+ 39. Kg2 Qg6+ 40. Kf1 Bxb4 41.
Re2 Bc5 42. Rxe3 Kf7 43. Re5 Bb6 44. Rd3 Rg8 45. Qb7+ Kf8 46. Qe7# 1-0

[Event "AUTO-ADV-1378"]
[Site "http://www.queenalice.com/game.php?id=609584"]
[Date "2009.6.27"]
[Round "1"]
[White "luizpessoa"]
[Black "alexquine"]
[Result "0-1"]
[WhiteElo "1720"]
[BlackElo "1781"]

1. e4 c5 2. h3 d6 3. c4 Nf6 4. d3 g6 5. Be2 Bg7 6. Nc3 O-O 7. Bg4 Nc6 8. Be3 Qa5
9. f3 Nxg4 10. hxg4 Bxc3+ 11. bxc3 Qxc3+ 12. Kf1 Ne5 13. Ne2 Qxd3 14. Qxd3 Nxd3
15. Kg1 Be6 16. Kh2 Bxc4 17. Nc3 b5 18. Nd5 Bxd5 19. exd5 Nb4 20. Rab1 Nxd5 21.
Bf2 b4 22. Rhe1 a5 23. Rb3 a4 24. Rd3 e6 25. Kh3 Nf4+ 26. Kg3 Nxd3 27. Rd1 Nxf2
28. Rxd6 Nxg4 29. Kxg4 b3 30. axb3 axb3 31. Rb6 c4 32. Rb4 Rfc8 33. Kf4 Rab8 34.
Rxb8 Rxb8 35. Kg5 Kg7 36. g4 b2 37. f4 b1=Q 38. f5 c3 39. fxg6 Qxg6+ 40. Kh4
Qxg4+ 41. Kxg4 f6 42. Kh5 e5 43. Kg4 e4 44. Kh5 e3 45. Kg4 e2 46. Kh5 c2 47. Kg4
e1=Q 48. Kh5 c1=Q 49. Kg4 Rb4+ 50. Kh5 Qg5# 0-1

[Event "AUTO-ADV-1378"]
[Site "http://www.queenalice.com/game.php?id=609585"]
[Date "2009.6.27"]
[Round "1"]
[White "alexquine"]
[Black "luizpessoa"]
[Result "1-0"]
[WhiteElo "1766"]
[BlackElo "1739"]

1. e4 c5 2. Nf3 a6 3. d4 cxd4 4. Nxd4 e5 5. Nb3 Nf6 6. Bg5 Be7 7. Bd3 h6 8. Be3
Nc6 9. Nc3 Bb4 10. O-O Bxc3 11. bxc3 d6 12. h3 Be6 13. Nd2 b5 14. a4 b4 15. cxb4
Nxb4 16. Be2 O-O 17. a5 Nc6 18. Bb6 Qc8 19. Nc4 Nd4 20. Bxd4 Nxe4 21. Nb6 Qd8
22. Nxa8 Qxa8 23. Be3 Nc3 24. Qd2 Nb5 25. Ra4 Bd7 26. Rh4 Bf5 27. Bxh6 Bg6 28.
Bh5 Nd4 29. Bxg6 fxg6 30. Rb1 Nf5 31. Bg5 Nxh4 32. Bxh4 d5 33. Qg5 Qc6 34. Qxe5
Qxc2 35. Qxd5+ Kh8 36. Rb4 Qc1+ 37. Kh2 Qc8 38. Be7 Rxf2 39. Rh4# 1-0

[Event "AUTO-ADV-1378"]
[Site "http://www.queenalice.com/game.php?id=609600"]
[Date "2009.6.27"]
[Round "1"]
[White "allgambits"]
[Black "alexquine"]
[Result "1-0"]
[WhiteElo "1849"]
[BlackElo "1747"]

1. d4 Nf6 2. Bf4 g6 3. Nf3 Bg7 4. Nc3 O-O 5. Bd2 d6 6. e3 Nbd7 7. Bd3 e5 8. dxe5
Nxe5 9. Nxe5 dxe5 10. Ne4 Nxe4 11. Bxe4 c6 12. h4 f5 13. Bd3 Be6 14. h5 e4 15.
Be2 b6 16. hxg6 hxg6 17. c3 Qg5 18. g3 Rad8 19. Qc2 c5 20. O-O-O Kf7 21. Kb1 Rh8
22. f3 Rxh1 23. Rxh1 Qxg3 24. fxe4 Qg2 25. Re1 b5 26. Ka1 a6 27. Bc1 Qg3 28. Rf1
Bf6 29. exf5 gxf5 30. e4 fxe4 31. Qxe4 Bd5 32. Qh7+ Ke6 33. Qf5+ Kd6 34. Bf4+
1-0

[Event "AUTO-ADV-1378"]
[Site "http://www.queenalice.com/game.php?id=609601"]
[Date "2009.6.27"]
[Round "1"]
[White "alexquine"]
[Black "allgambits"]
[Result "1-0"]
[WhiteElo "1726"]
[BlackElo "1855"]

1. e4 e5 2. f4 Nc6 3. Nf3 exf4 4. Bc4 Bc5 5. d4 Bb6 6. Bxf4 Nf6 7. Nc3 d6 8. O-O
Bg4 9. Kh1 Nxd4 10. e5 dxe5 11. Bxf7+ Kxf7 12. Nxe5+ Kf8 13. Nxg4 Kf7 14. Nxf6
gxf6 15. Qh5+ Ke7 16. Rae1+ Kd7 17. Nd5 Kc8 18. Nxf6 Nxc2 19. Qf5+ Kb8 20. Nd7+
Kc8 21. Nxb6+ Kb8 22. Rd1 Qe8 23. Nd7+ 1-0

[Event "AUTO-ADV-1378"]
[Site "http://www.queenalice.com/game.php?id=609610"]
[Date "2009.6.27"]
[Round "1"]
[White "Lopesq"]
[Black "alexquine"]
[Result "0-1"]
[WhiteElo "1763"]
[BlackElo "1735"]

1. Nf3 Nf6 2. d4 g6 3. c3 Bg7 4. e3 d6 5. Nbd2 O-O 6. Bd3 Nc6 7. O-O e5 8. dxe5
Nxe5 9. Nxe5 dxe5 10. Be2 Be6 11. Nf3 e4 12. Nd4 Bd7 13. b3 c5 14. Nc2 Qa5 15.
Bb2 Rad8 16. c4 Bc6 17. Qc1 Rd2 18. Rd1 Rxe2 19. Ne1 Rd8 20. Rxd8+ Qxd8 21. Rb1
Ng4 22. Bxg7 Qh4 23. g3 Qxh2+ 0-1

[Event "AUTO-ADV-1378"]
[Site "http://www.queenalice.com/game.php?id=609611"]
[Date "2009.6.27"]
[Round "1"]
[White "alexquine"]
[Black "Lopesq"]
[Result "1-0"]
[WhiteElo "1752"]
[BlackElo "1711"]

1. d4 d5 2. c4 dxc4 3. Nc3 c6 4. e4 e6 5. Bxc4 Be7 6. Nf3 Nd7 7. O-O Ngf6 8. Qc2
Qc7 9. Bg5 h6 10. Bh4 e5 11. Rad1 a6 12. dxe5 Nxe5 13. Nxe5 Qxe5 14. Bb3 O-O 15.
Kh1 Bg4 16. f4 Qc5 17. Rd2 Rad8 18. Rxd8 Rxd8 19. e5 Nh7 20. Bxe7 Re8 21. Bxc5
Be6 22. Ne4 Bd5 23. Bxd5 cxd5 24. Nd6 Ra8 25. Qb3 Nf8 26. f5 Nd7 27. Qxd5 Nxc5
28. Qxf7+ Kh8 29. f6 1-0

[Event "AUTO-ADV-1438"]
[Site "http://www.queenalice.com/game.php?id=635966"]
[Date "2009.8.13"]
[Round "1"]
[White "schachmattorwieorwatt"]
[Black "alexquine"]
[Result "1-0"]
[WhiteElo "1634"]
[BlackElo "1820"]

1. d4 Nf6 2. Nc3 e6 3. a3 Be7 4. e4 d5 5. e5 Nfd7 6. Nf3 c5 7. Bb5 a6 8. Bxd7+
Bxd7 9. O-O Nc6 10. Be3 cxd4 11. Bxd4 Nxd4 12. Qxd4 Rc8 13. Qd2 O-O 14. Rac1 b5
15. Nd1 Qb6 16. c3 a5 17. b4 1-0

[Event "AUTO-ADV-1438"]
[Site "http://www.queenalice.com/game.php?id=635967"]
[Date "2009.8.13"]
[Round "1"]
[White "alexquine"]
[Black "serrameira"]
[Result "1-0"]
[WhiteElo "1805"]
[BlackElo "1807"]

1. e4 e5 2. Nf3 Nc6 3. Bb5 a6 4. Ba4 Nf6 5. O-O b5 6. Bb3 Be7 7. Re1 d6 8. c3
O-O 9. h3 Na5 10. Bc2 c6 11. d4 exd4 12. cxd4 h6 13. Nbd2 Qc7 14. Nf1 Re8 15.
Ng3 Nb7 16. Qd3 Bd7 17. e5 dxe5 18. dxe5 Nc5 19. Qc3 b4 20. Qd4 Ne6 21. Qc4 Nh7
22. Nf5 Bf8 23. Be3 c5 24. Qe4 Bc6 25. Nxh6+ 1-0

[Event "AUTO-ADV-1438"]
[Site "http://www.queenalice.com/game.php?id=635968"]
[Date "2009.8.13"]
[Round "1"]
[White "serrameira"]
[Black "alexquine"]
[Result "0-1"]
[WhiteElo "1781"]
[BlackElo "1821"]

1. e4 c5 2. Nf3 d6 3. d4 cxd4 4. Nxd4 Nf6 5. Nc3 e6 6. Bg5 Nc6 7. Nxc6 bxc6 8.
Bd3 Be7 9. O-O a5 10. a3 h6 11. Be3 Ba6 12. Bxa6 Rxa6 13. Qe2 Ra8 14. Na4 c5 15.
Bd2 O-O 16. b3 Nd7 17. Nc3 Bf6 18. Qg4 Ne5 19. Qg3 Nc6 20. Bxh6 Kh7 21. Bd2 Rh8
22. Rac1 Ne5 23. Bf4 Kg8 24. Nd1 a4 25. bxa4 Rxa4 26. Re1 Qa5 27. Rb1 Qxe1# 0-1

[Event "AUTO-ADV-1438"]
[Site "http://www.queenalice.com/game.php?id=635969"]
[Date "2009.8.13"]
[Round "1"]
[White "alexquine"]
[Black "Stefan179"]
[Result "0-1"]
[WhiteElo "1750"]
[BlackElo "1843"]

1. e4 g6 2. d4 Bg7 3. Nc3 c5 4. Be3 Qa5 5. Ne2 Nf6 6. Bd2 O-O 7. Nd5 Qd8 8.
Nxf6+ Bxf6 9. Bh6 Re8 10. c3 d6 11. Be3 b6 12. g3 Bb7 13. d5 Nd7 14. h4 Ne5 15.
Nf4 Qc8 0-1

[Event "AUTO-ADV-1378"]
[Site "http://www.queenalice.com/game.php?id=647105"]
[Date "2009.9.4"]
[Round "2"]
[White "alexquine"]
[Black "tewald"]
[Result "0-1"]
[WhiteElo "1765"]
[BlackElo "1785"]

1. d4 Nf6 2. c4 e6 3. Nc3 c5 4. Nf3 cxd4 5. Nxd4 g6 6. e4 d6 7. Bg5 Bg7 8. Ndb5
O-O 9. Nxd6 h6 10. Bh4 g5 11. Bg3 h5 12. h3 Nc6 13. e5 Nd7 14. Qxh5 Ncxe5 15. h4
Nf6 16. Qd1 Nfg4 17. hxg5 Qxg5 18. Bd3 Rd8 19. Nce4 Nxd3+ 20. Qxd3 Qg6 21. Qe2
f5 22. Bh4 Rd7 23. Nxc8 Rxc8 24. Nc3 Bxc3+ 0-1

[Event "AUTO-ADV-1378"]
[Site "http://www.queenalice.com/game.php?id=647106"]
[Date "2009.9.4"]
[Round "2"]
[White "tewald"]
[Black "alexquine"]
[Result "1-0"]
[WhiteElo "1768"]
[BlackElo "1782"]

1. e4 c5 2. f4 d6 3. Nf3 Nc6 4. d4 cxd4 5. Nxd4 Nf6 6. Nc3 e6 7. Bd2 Nxd4 8. Be3
Nc6 9. Bb5 Bd7 10. O-O Be7 11. e5 dxe5 12. Bxc6 Bxc6 13. fxe5 Nd5 14. Nxd5 Bxd5
15. b3 Rc8 16. Bxa7 b6 17. c4 Bb7 18. Qg4 O-O 19. Rad1 Qc7 20. Kh1 Bc6 21. Bxb6
Qxb6 22. h4 Ra8 23. Rd2 Qe3 24. Rdf2 Qxe5 25. h5 1-0

[Event "AUTO-ADV-1378"]
[Site "http://www.queenalice.com/game.php?id=647107"]
[Date "2009.9.4"]
[Round "2"]
[White "alexquine"]
[Black "luiz_gustavo"]
[Result "0-1"]
[WhiteElo "1837"]
[BlackElo "1823"]

1. d4 d5 2. c4 c6 3. e3 Nf6 4. Nc3 Bf5 5. Nf3 e6 6. a3 Nbd7 7. Nh4 Be7 8. Nxf5
exf5 9. cxd5 Nxd5 10. Bd3 g6 11. Nxd5 cxd5 0-1

[Event "AUTO-ADV-1378"]
[Site "http://www.queenalice.com/game.php?id=647108"]
[Date "2009.9.4"]
[Round "2"]
[White "luiz_gustavo"]
[Black "alexquine"]
[Result "1-0"]
[WhiteElo "1833"]
[BlackElo "1797"]

1. e4 c5 2. Nf3 d6 3. Nc3 g6 4. Bc4 Bg7 5. h3 Nc6 6. O-O e6 7. a3 a6 8. d3 b5 9.
Ba2 Nf6 10. Ne2 O-O 11. b3 Nxe4 12. Rb1 Nf6 13. c3 Bb7 14. b4 1-0

[Event "AUTO-OPEN-1782"]
[Site "http://www.queenalice.com/game.php?id=691664"]
[Date "2009.12.2"]
[Round "1"]
[White "ruylopesdesegura"]
[Black "alexquine"]
[Result "1-0"]
[WhiteElo "1872"]
[BlackElo "1745"]

1. e4 c5 2. Nf3 d6 3. d4 cxd4 4. Nxd4 Nf6 5. Nc3 g6 6. Bg5 Bg7 7. Be2 O-O 8. O-O
Nc6 9. Nxc6 bxc6 10. f4 Qb6+ 11. Kh1 Qxb2 12. Qd2 1-0

[Event "AUTO-OPEN-1782"]
[Site "http://www.queenalice.com/game.php?id=691665"]
[Date "2009.12.2"]
[Round "1"]
[White "alexquine"]
[Black "ruylopesdesegura"]
[Result "0-1"]
[WhiteElo "1734"]
[BlackElo "1862"]

1. d4 Nf6 2. c4 g6 3. Nc3 e6 4. e4 d6 5. Be3 Bg7 6. Nf3 O-O 7. Bd3 Nc6 8. O-O e5
9. d5 Ne7 10. c5 Bg4 11. Rc1 a6 12. cxd6 cxd6 0-1